00629nam a22001937a 4500003000500000005001700005008004100022010001000063011001000073035001000083040000900093111015300102245001600255260004500271300003000316650003600346650002600382650002700408CHAP20220329134553.0971013s1985 r 10010 d a22367 a23339 a27435 cCHAP00aColloquium on Genetics and Breeding of Small Grains for Semi-arid Conditions of the North American Great Plains and Morocco (Lincoln, Neb.d: 1985). aProceedings aLincoln :bUniversity of Nebraska,c1985 a78 p.b: ilus. ; gráfs.14aAgriculturaxRegiones áridas.14aCerealesxGenética.14aCerealesxRendimiento.